多摩川の道路橋(中〜下流域) - Statistics

General Stats
  • This quiz has been taken 21 times
  • The average score is 12 of 42
Answer Stats
Answer % Correct
丸子橋
83%
ガス橋
78%
二子橋
72%
多摩川スカイブリッジ
61%
大師橋
56%
六郷橋
50%
多摩水道橋
50%
稲城大橋
50%
是政橋
50%
日野橋
50%
多摩川大橋
44%
多摩川原橋
44%
関戸橋
44%
新二子橋
39%
府中四谷橋
39%
立日橋
39%
多摩川橋
33%
石田大橋
28%
拝島橋
28%
多摩大橋
22%
睦橋
22%
羽村大橋
17%
万年橋
17%
奥多摩橋
17%
多摩橋
11%
永田橋
11%
下奥多摩橋
11%
調布橋
11%
和田橋
11%
軍畑大橋
11%
御岳橋
11%
万世橋
11%
鳩の巣大橋
11%
奥多摩大橋
6%
寸庭橋
6%
将門大橋
6%
神代橋
0%
圏央道多摩川橋(C4)
0%
東名多摩川橋(E1)
0%
多摩川橋(E20)
0%
多摩川橋(E83)
0%
高速大師橋(K1)
0%
No matching quizzes found
Score Distribution
Percent of People with Each Score
Percentile by Number Answered
Your Score History
You have not taken this quiz